Gia công kim loại

Uloženo v:
Podrobná bibliografie
Médium: Sách
Jazyk:Undetermined
Vydáno:  Lao động - Xã hội  2015
Témata:
Tagy: Přidat tag
Žádné tagy, Buďte první, kdo otaguje tento záznam!
Thư viện lưu trữ: Trung tâm Thư viện - Trường Đại học Công nghiệp TP. Hồ Chí Minh
LEADER 00410nam a2200133Ia 4500
001 UIH_05047
008 231011s9999 xx 000 0 und d
082 |a  671 
245 0 |a  Gia công kim loại 
260 |b  Lao động - Xã hội 
260 |c  2015 
650 |a  Gia công kim loại;  
927 |a Sách 
980 |a Trung tâm Thư viện - Trường Đại học Công nghiệp TP. Hồ Chí Minh